000 01141nam0a2200325 4500
001 RU\NLR\BIBL_A\012559279
005 20210921104432.0
010 _a978-5-17-127435-1
_93000
021 _aRU
_bКН-П-21-010024
_9КН-П-21-0802
035 _a(NLR Aleph) 012559279
090 _a12455615
_c12455615
100 _a20210706d2021 u y0rusy50 ca
101 1 _arus
_ceng
102 _aRU
105 _ay z 000ay
181 0 _ai
_baxxe
182 0 _an
200 1 _aКогда мы верили в русалок
_eроман
_fБарбара О'Нил
_gперевод с анлийского Ирины Новоселецкой
203 _aТекст
_bвизуальный
_cнепосредственный
210 _aМосква
_cАСТ
_d2021
215 _a444, [4] с.
_d21
225 1 _aСерия "Такая разная жизнь"
330 _a16+
686 1 _aШ6(7США)67-440.4(Лх1979-50)
700 1 _aО'Нил
_bБ.
_f1959-
_gБарбара
_3RU\NLR\AUTH\770234347
942 _cBOOK
980 _aNB